[Event "Niederbayernliga 1516"]
[Site "Bayern"]
[Date "2016.03.13"]
[Round "8.6"]
[White "Astner, Sebastian"]
[Black "Schmol, Albert"]
[Result "1/2-1/2"]
[WhiteElo "1838"]
[BlackElo "1721"]
[PlyCount "99"]
[EventDate "2015.10.11"]
[EventType "team-tourn"]
[EventRounds "9"]
[EventCountry "GER"]
[SourceTitle "EXT 2023"]
[Source "ChessBase"]
[SourceDate "2022.10.05"]
[SourceVersion "1"]
[SourceVersionDate "2022.10.05"]
[SourceQuality "1"]
[WhiteTeam "Ergolding"]
[BlackTeam "Landau Dingolfing II"]
[WhiteTeamCountry "GER"]
[BlackTeamCountry "GER"]

1. e4 c5 2. Nc3 d6 3. Bb5+ Bd7 4. Bxd7+ Nxd7 5. f4 Ngf6 6. Nf3 g6 7. 0-0 Bg7 8. d3 0-0 9. Qe1 a6 10. Qh4 b5 11. f5 b4 12. Ne2 Qc7 13. Kh1 Ne5 14. Nxe5 dxe5 15. Ng1 c4 16. Nf3 cxd3 17. fxg6 fxg6 18. cxd3 Qd6 19. Bh6 Nd7 20. Ng5 Rxf1+ 21. Rxf1 Rf8 22. Rg1 Rf4 23. Qh3 Nf8 24. Bxg7 Kxg7 25. Qe3 h6 26. Nf3 Ne6 27. h3 Rf8 28. Rc1 Rd8 29. Ne1 Nf4 30. Rc5 e6 31. Kh2 Qb6 32. Qc1 Ne2 33. Rc7+ Kf6 34. Qc5 Qxc5 35. Rxc5 Ra8 36. Nf3 Rd8 37. Nxe5 h5 38. g3 Nc1 39. Rxc1 Kxe5 40. Rd1 Kd4 41. Kg2 Rf8 42. e5 Rf5 43. Rc1 Rxe5 44. Rc4+ Kxd3 45. Rxb4 Rb5 46. Rxb5 axb5 47. Kf3 e5 48. Kf2 Kd2 49. Kf3 Kd3 50. Kf2 1/2-1/2